[Event "Sibiria Region-ch Seniors"]
[Site "Prokopevsk"]
[Date "2012.03.17"]
[Round "6"]
[White "Khorganov, Vladimir"]
[Black "Stefanovich, Evgeny"]
[Result "0-1"]
[WhiteElo "2092"]
[BlackElo "2260"]
[PlyCount "108"]
[EventDate "2012.03.12"]
[EventType "swiss"]
[EventRounds "9"]
[EventCountry "RUS"]
[SourceTitle "EXT 2013"]
[Source "ChessBase"]
[SourceDate "2012.11.22"]
[SourceVersion "1"]
[SourceVersionDate "2012.11.22"]
[SourceQuality "1"]

1. e4 e6 2. d4 d5 3. Nc3 dxe4 4. Nxe4 Nd7 5. Nf3 Ngf6 6. Nxf6+ Nxf6 7. Bd3 c5 8. c3 cxd4 9. Nxd4 Bd6 10. Bg5 h6 11. Bh4 Qb6 12. Bxf6 gxf6 13. Bb5+ Kf8 14. Qd2 a6 15. Bd3 Qc7 16. g3 f5 17. 0-0-0 Be7 18. Kb1 b5 19. Rhe1 b4 20. cxb4 Qb6 21. Nc2 Bf6 22. g4 fxg4 23. Be4 Rb8 24. Qf4 e5 25. Qd2 Be7 26. a3 a5 27. Qd5 axb4 28. axb4 f6 29. Qc6 Be6 30. b5 Kf7 31. Bd5 Qxc6 32. bxc6 Bxd5 33. Rxd5 Rhc8 34. Ne3 Rxc6 35. Nxg4 Rcb6 36. Re2 Ke6 37. Ra5 Bb4 38. Ra2 h5 39. Ne3 Bc5 40. Nc4 Rb4 41. Ra6+ Kf7 42. Ne3 Bd4 43. Ra2 Kg6 44. Nd5 R4b7 45. f4 e4 46. Rxe4 Bxb2 47. Raa4 Rd7 48. Nb4 Bd4 49. Ka2 Kf5 50. Re2 Rb6 51. Nd3 Bc3 52. Re3 h4 53. h3 Rg7 54. Rc4 Ra7+ 0-1

[Event "Berdsk Maestro op 16th"]
[Site "Berdsk"]
[Date "2010.07.10"]
[Round "3"]
[White "Khatnikov, Alexander"]
[Black "Stefanovich, Evgeny"]
[Result "1/2-1/2"]
[WhiteElo "1975"]
[BlackElo "2274"]
[PlyCount "65"]
[EventDate "2010.07.08"]
[EventType "swiss"]
[EventRounds "9"]
[EventCountry "RUS"]
[SourceTitle "EXT 2011"]
[Source "ChessBase"]
[SourceDate "2010.11.26"]
[SourceVersion "1"]
[SourceVersionDate "2010.11.26"]
[SourceQuality "1"]

1. c4 Nf6 2. Nc3 d5 3. cxd5 Nxd5 4. Nf3 c6 5. d4 g6 6. e4 Nb6 7. Be3 Bg7 8. Be2 0-0 9. h3 Be6 10. 0-0 Bc4 11. Rc1 Bxe2 12. Qxe2 N8d7 13. Rfd1 Re8 14. b4 Nf8 15. d5 cxd5 16. Bxb6 axb6 17. Nxd5 Ne6 18. Nf6+ Bxf6 19. Rxd8 Rexd8 20. e5 Bg7 21. Rd1 Rxd1+ 22. Qxd1 Rxa2 23. Qd7 Rb2 24. Qb5 Rc2 25. Qxb6 Rc7 26. b5 Rd7 27. Qa7 h6 28. Qb8+ Nd8 29. Qc8 Rd5 30. Qc4 e6 31. Qc1 Kf8 32. h4 Ke8 33. b6 1/2-1/2

[Event "Berdsk Maestro op 16th"]
[Site "Berdsk"]
[Date "2010.07.08"]
[Round "1"]
[White "Moskalev, Alexander"]
[Black "Stefanovich, Evgeny"]
[Result "0-1"]
[WhiteElo "1989"]
[BlackElo "2274"]
[PlyCount "90"]
[EventDate "2010.07.08"]
[EventType "swiss"]
[EventRounds "9"]
[EventCountry "RUS"]
[SourceTitle "EXT 2011"]
[Source "ChessBase"]
[SourceDate "2010.11.26"]
[SourceVersion "1"]
[SourceVersionDate "2010.11.26"]
[SourceQuality "1"]

1. e4 e6 2. d3 b6 3. g3 Bb7 4. Bg2 f5 5. Nd2 Nf6 6. Nh3 Bc5 7. 0-0 0-0 8. e5 Bxg2 9. Kxg2 Ng4 10. Nf3 Be7 11. Re1 c5 12. c3 Nc6 13. a3 Rc8 14. d4 Qc7 15. Nhg1 cxd4 16. cxd4 Na5 17. h3 Qc2 18. Qxc2 Rxc2 19. hxg4 fxg4 20. Nd2 Nb3 21. Rb1 Nxc1 22. Ne4 Nb3 23. Ne2 Nd2 24. Rbc1 Nf3 25. Nf4 Nxe1+ 26. Rxe1 a5 27. d5 exd5 28. Nxd5 Bc5 29. Ne3 Bxe3 30. Rxe3 Rxb2 31. Rd3 Rf7 32. Kg1 h6 33. Nd2 b5 34. f4 gxf3 35. Nxf3 a4 36. Nd4 Rf8 37. Rc3 b4 38. axb4 Rxb4 39. Nc2 Rb3 40. Rc7 Rxg3+ 41. Kh2 Rb3 42. Ne1 Re8 43. Rxd7 Rxe5 44. Ng2 Re2 45. Ra7 a3 0-1

[Event "Izmailov Memorial op 11th"]
[Site "Tomsk"]
[Date "2007.??.??"]
[Round "?"]
[White "Slizhevsky, Alexander"]
[Black "Stefanovich, Evgeny"]
[Result "1-0"]
[WhiteElo "2452"]
[BlackElo "2289"]
[PlyCount "49"]
[EventDate "2007.06.25"]
[EventType "swiss"]
[EventRounds "9"]
[EventCountry "RUS"]
[SourceTitle "EXT 2008"]
[Source "ChessBase"]
[SourceDate "2007.11.25"]
[SourceVersion "1"]
[SourceVersionDate "2007.11.25"]
[SourceQuality "1"]

1. e4 e6 2. d4 d5 3. Nc3 dxe4 4. Nxe4 Nd7 5. Nf3 Ngf6 6. Nxf6+ Nxf6 7. Bc4 c5 8. 0-0 cxd4 9. Qe2 Be7 10. Bg5 0-0 11. Rad1 b6 12. Nxd4 Qc7 13. Rfe1 Bb7 14. Nxe6 Qc6 15. Qf1 Rfc8 16. Bb5 Qxc2 17. Nxg7 Bb4 18. Bd3 Qc6 19. Nf5 Re8 20. Rxe8+ Rxe8 21. Bb5 Qc2 22. Nh6+ Kg7 23. Bxf6+ Kxf6 24. Bxe8 Bxg2 25. Qd3 1-0